沖縄県に存在したことのある駅名 - Statistics

General Stats
  • This quiz has been taken 25 times
  • The average score is 43 of 113
Answer Stats
% Correct
那覇
100%
首里
91%
てだこ浦西
83%
那覇空港
83%
旭橋
65%
おもろまち
65%
嘉手納
65%
県庁前
65%
糸満
61%
小禄
61%
美栄橋
61%
赤嶺
57%
安里
57%
浦添前田
57%
儀保
57%
北谷
57%
石嶺
52%
奥武山公園
52%
経塚
52%
市立病院前
52%
小那覇
48%
具志
48%
城間
48%
壺川
48%
南風原
48%
古島
48%
牧志
48%
与儀
48%
与那原
48%
泡瀬
43%
東風平
43%
古波蔵
43%
比屋根
43%
内間
39%
大里
39%
垣花
39%
国場
39%
津覇
39%
39%
泊高橋
39%
通堂
39%
平安山
39%
与原
39%
熱田
35%
一日橋
35%
市場
35%
大門前
35%
大謝名
35%
潟原
35%
我謝
35%
兼城
35%
久場
35%
久米
35%
桑江
35%
座安
35%
裁判所前
35%
坂下
35%
女学校前
35%
添石
35%
崇元寺
35%
高嶺
35%
津嘉山
35%
渡口
35%
殿内前
35%
仲伊保
35%
西武門
35%
真志喜
35%
真玉橋
35%
牧港
35%
見世の前
35%
山川
35%
渡地前
35%
阿波根
30%
安次嶺
30%
伊舎堂
30%
稲嶺
30%
大山
30%
奥間
30%
翁長
30%
蚊坂
30%
兼久
30%
観音堂
30%
喜屋武
30%
桟橋荷扱所
30%
潮平
30%
高江州
30%
地覇
30%
津覇浜
30%
当間
30%
泊前道
30%
野国
30%
松田矼
30%
宮平
30%
屋宜
30%
郵便局前
30%
与那城
30%
和宇慶
30%
若狭町
30%
和仁屋
30%
金城
26%
高宮城
26%
屋宜原
26%
保栄茂
17%
川尻
13%
伊良覇
9%
エキスポランド
9%
北ゲート
9%
協会本部前
9%
くろしお通り
9%
国際広場
9%
水族館前
9%
南ゲート
9%
CVSセンター
9%
No matching quizzes found
Score Distribution
Percent of People with Each Score
Percentile by Number Answered
Your Score History
You have not taken this quiz